Culture Générale - Série 2711 - Statistiques

Statistiques générales
  • Ce quiz a été pris 82 fois
  • Le résultat moyen est 5 sur 10
Statistiques - réponses
Question Réponse % Correct
Quelle est la couleur du rubis ? rouge
99%
A quel pays l'île de Zanzibar est-elle rattachée ? Tanzanie
79%
Avec quel pays, les villes espagnoles de Ceuta et Melilla possèdent-elles une frontière ? Maroc
75%
Quelle est la nationalité du tennisman Stanislas Wawrinka ? suisse
69%
.Dans la mythologie grecque, qui est l'épouse de Zeus ? Héra
63%
Dans la mythologie grecque, qui a tué le minotaure ? Thésée
49%
Qui a écrit le roman "Le Dernier Jour d'un condamné" en 1829 , prénom et nom Victor Hugo
44%
Quelle était la monnaie de l'Autriche avant de passer à l'euro ? schilling
33%
Quand il reste un fond de soupe ou de potage, ajouter dans l'assiette du vin rouge pour diluer ce bouillon, puis porter le plat à la bouche, et l'avaler à grandes goulées, c'est faire ... chabrot
26%
Artisan qui taille, grave les pierres précieuses. lapidaire
7%
Aucun quiz correspondant
Distribution des résultats
% des personnes avec chaque résultat
Percentile par nombre de réponses
Votre historique - résultats
Vous n’avez pas pris ce quiz